Top 10 des meilleures villes étudiantes 2025 - Statistiques

Statistiques générales
  • Ce quiz a été pris 149 fois
  • Le résultat moyen est 6 sur 10
Statistiques - réponses
Ville % Correct
7 Lyon
92%
1 Toulouse
85%
3 Montpellier
78%
4 Rennes
78%
8 Strasbourg
77%
9 Nantes
71%
6 Grenoble
54%
5 Caen
39%
10 Nancy
35%
2 Besancon
16%
Aucun quiz correspondant
Distribution des résultats
% des personnes avec chaque résultat
Percentile par nombre de réponses
Votre historique - résultats
Vous n’avez pas pris ce quiz